Language Quiz

Random Language Quiz
Score 0/10 Timer 20:00
0 Plays Today
Question Answer Wrong Answers
Which letters make the sound 'ma'? μα
95.7%
με
0%
μυ
0%
μο
0%
Which letters make the sound 'pra'? πρα
91.3%
πα
0%
ρπα
0%
ρα
0%
Which letters make the sound 'low'? λο
87%
κο
8.7%
κε
0%
λε
0%
What letters make the sound 'row'? ρο
87%
σο
0%
το
0%
χο
4.3%
What letters make the sound 'tow'? τω
87%
κω
4.3%
κο
0%
βα
0%
Which letters make the sound 'pa'? πα
73.9%
ωα
0%
να
0%
ρα
13%
What letters make the sound 'meh'? με
73.9%
μη
4.3%
μι
4.3%
μω
8.7%
Which letters make the sound 'fee'? φι
69.6%
φα
0%
τη
0%
φε
17.4%
What letters make the sound 'lee'? λη
60.9%
λε
21.7%
ρε
0%
ρη
4.3%
Which letters make the sound 'ba'? μπα
52.2%
βα
39.1%
μπη
0%
βυ
0%
Remove Ads.
Support Sporcle.
Get the best of Sporcle when you Go Orange. This ad-free experience offers more features, more stats, and more fun while also helping to support Sporcle. Thank you for becoming a member.

You're not logged in!

Compare scores with friends on all Sporcle quizzes.
OR
Log In

Sporcle TV

Today on Sporcle TV


Watch our educational content, quiz creation guides, and fun videos on Sporcle TV.

Show Comments

Extras

Created Jun 8, 2019ReportNominate
Tags:Greek

Top Quizzes Today


Score Distribution

Paid Content

Your Account Isn't Verified!

In order to create a playlist on Sporcle, you need to verify the email address you used during registration. Go to your Sporcle Settings to finish the process.

Report this User

Report this user for behavior that violates our Community Guidelines.

Details: